Autonomous marine vehicles : planning and control /

Master the future of marine exploration and technology with Autonomous Marine Vehicles Planning and Control, which provides a comprehensive, interdisciplinary guide to the principles, control, and real-world applications of autonomous marine vehicles. Autonomous Marine Vehicles Planning and Control...

Full description

Bibliographic Details
Main Authors: Bai, Yong (Author), Zhao, Liang (Author)
Format: eBook
Language:English
Published: Hoboken, NJ : Beverly, MA : John Wiley & Sons, Inc. ; Scrivener Publishing, 2026.
Subjects:
Online Access:Connect to the full text of this electronic book

MARC

Tag First Indicator Second Indicator Subfields
LEADER 00000nam a22000007i 4500
001 in00005690913
005 20260215001454.7
006 m o d
007 cr cnu---unuuu
008 251015t20262026nju o 000 0 eng d
035 |a wil6005422 
035 |a (NhCcYBP)wil6005422 
040 |a NhCcYBP  |b eng  |e rda  |c NhCcYBP 
020 |a 9781394355075  |q electronic book 
020 |a 1394355076  |q electronic book 
020 |a 9781394355051  |q electronic book 
020 |a 139435505X  |q electronic book 
020 |z 9781394355044  |q hardcover 
020 |z 1394355041  |q hardcover 
037 |a 9781394355044  |b O'Reilly Media 
050 4 |a VM480  |b .B35 2026 
082 0 4 |a 623.82/06  |2 23/eng/20251015 
100 1 |a Bai, Yong,  |e author.  |1 https://id.oclc.org/worldcat/entity/E39PCjMxW4G8Wd6Pbg4H3TBRqP 
245 1 0 |a Autonomous marine vehicles :  |b planning and control /  |c Yong Bai and Liang Zhao. 
264 1 |a Hoboken, NJ :  |b John Wiley & Sons, Inc. ;  |a Beverly, MA :  |b Scrivener Publishing,  |c 2026. 
264 4 |c ©2026 
300 |a 1 online resource 
336 |a text  |b txt  |2 rdacontent  |0 http://id.loc.gov/vocabulary/contentTypes/txt 
337 |a computer  |b c  |2 rdamedia  |0 http://id.loc.gov/vocabulary/mediaTypes/c 
338 |a online resource  |b cr  |2 rdacarrier  |0 http://id.loc.gov/vocabulary/carriers/cr 
532 1 |3 Wiley  |a "We measure accessibility according to the standards set by the Web Content Accessibility Guidelines (WCAG) 2.2 A/AA, Revised Section 508 of the US Rehabilitation Act, and EN 301 549." Source: https://onlinelibrary.wiley.com/accessibility. Last accessed April 22, 2025 
588 |a Description based on online resource; title from digital title page (viewed on October 15, 2025). 
520 |a Master the future of marine exploration and technology with Autonomous Marine Vehicles Planning and Control, which provides a comprehensive, interdisciplinary guide to the principles, control, and real-world applications of autonomous marine vehicles. Autonomous Marine Vehicles Planning and Control explores the intricate and rapidly evolving field of autonomous marine vehicles, focusing on unmanned surface vehicles (USVs) and autonomous underwater vehicles (AUVs). This book is designed to provide a comprehensive overview of the fundamental principles, advanced control methodologies, and practical applications of these autonomous systems in various marine environments. Through a series of detailed chapters, the book delves into the technical aspects, innovative algorithms, and real-world challenges associated with the deployment and operation of USVs and AUVs. Through a highly technical and research-oriented approach, each chapter combines theoretical analysis with practical case studies and simulation results to illustrate the effectiveness of the proposed methods. The book also addresses the interdisciplinary nature of the field, integrating concepts from robotics, artificial intelligence, and marine engineering to provide a holistic view of autonomous marine vehicle technology. 
650 0 |a Automated vehicles  |x Design and construction. 
700 1 |a Zhao, Liang,  |e author. 
776 0 8 |i Print version:  |z 1394355041  |z 9781394355044 
856 4 0 |u http://proxy.library.tamu.edu/login?url=https://onlinelibrary.wiley.com/book/10.1002/9781394355075  |z Connect to the full text of this electronic book  |t 0 
955 |a Wiley EBA record 
975 |p Wiley UBCM Full Collection 
976 |a 6005422 
999 f f |i 90aaca3a-bdfc-4eea-bc33-b3255fb4f9bc  |s ec489b55-95cc-454b-a416-70d9d119d124  |t 0 
952 f f |a Texas A&M University  |b College Station  |c Electronic Resources  |s evans_pda  |d Available Online  |t 0  |e VM480 .B35 2026  |h Library of Congress classification 
998 f f |a VM480 .B35 2026  |t 0  |l Available Online